Statistics for Word Scramble- English Football Teams

Click here to take the quiz!

General Stats

  • This quiz has been taken 1,691 times
    (1,621 since last reset)
  • The average score is 8 of 10

Answer Stats

HintAnswer% Correct
AHCESELChelsea
99%
SEWT MHAWest Ham
98%
LRENAASArsenal
92%
WSEASANSwansea
90%
UDNLEDRASNSunderland
77%
OLEORLPVILiverpool
75%
TVOERNEEverton
74%
WASEECNTLNewcastle
69%
TUNSHMTPOAOSouthampton
67%
CELSERIETLeicester
60%

Score Distribution

Percentile by Number Answered

Percent of People with Each Score

Your Score History

You have not taken this quiz since the last reset